000 00375nam a2200157Ia 4500
008 230917s9999||||xx |||||||||||||| ||und||
020 _cPOU15
040 _e15383
_aMAIN
041 _aEnglish
082 _a301.440968 B388I
100 _aBecker, Peter
245 0 _aInland tribes of Southern Africa
260 _aLondon
_bGranda
_c1979
300 _a187 p.
942 _cBK
999 _c212587
_d212587